| 000 | 00915nam a2200265 4500 | ||
|---|---|---|---|
| 003 | OSt | ||
| 005 | 20260601171008.0 | ||
| 008 | 260505b2000\\\\gw\a||||\||||\00|\0\eng\d | ||
| 020 | _a3929638339 | ||
| 040 |
_aICI _bspa _cICI |
||
| 041 | _aeng | ||
| 050 |
_aNC997 _bI57 2000 |
||
| 245 | 1 |
_aInternationales Jahrbuch kommunikationsdesign : _bInternational yearbook communication design 1999/2000. |
|
| 264 |
_aGermany : _bAvedition GmbH, Ludwigsburg, _c2000 |
||
| 300 |
_a207 páginas : _bilustraciones (principalmente a color) |
||
| 336 |
_atexto _2rdacontent |
||
| 337 |
_asin medio _2rdamedia |
||
| 338 |
_avolumen _2rdacarrier |
||
| 650 |
_aDiseño gráfico _xAnuarios. _932670 |
||
| 650 |
_aComunicación visual _xPublicaciones periódicas. _932671 |
||
| 650 |
_aDiseño de comunicación _xTendencias. _932672 |
||
| 650 |
_aMedios visuales. _932673 |
||
| 700 |
_aZec, Peter, _eeditor _929204 |
||
| 942 |
_2lcc _cB _n1 |
||
| 999 |
_c20386 _d20386 |
||